Countries that watch the most anime - Statistics

General Stats
  • This quiz has been taken 145 times
    94 since last reset
  • The average score is 2 of 10
Answer Stats
Rank Answer % Correct
1. Japan
100%
9. Canada
48%
7. Mexico
45%
10. Taiwan
31%
5. Brazilien
0%
4. Frankreich
0%
8. Malaysien
0%
3. Philippinen
0%
6. Süd Korea
0%
2. vereinigte Staaten von Amerika
0%
No matching quizzes found
Score Distribution
Percent of People with Each Score
Percentile by Number Answered
Your Score History
You have not taken this quiz since the last reset